Quizzes
Events
Quiz Creation
Community
Videos
Private Events
Remove Ads
Sign In
Join for FREE
Feedback
Dark Mode
Quiz Categories
Sports
Geography
Music
Movies
Television
Just For Fun
Miscellaneous
History
Literature
Language
Science
Gaming
Entertainment
Religion
Holiday
For Kids
Quiz Lab
Recent
Popular Today
Quiz Kudos Today
Editor Picks
Curator Picks
Quizzes by...
Day
Popularity
Type
Ratings
Length
Year
Community
Subscriptions
Recent Discussions
Orange Saloon
Badges
Playlists
Quests
Create
Leaderboards
Showdown
Live 5
Trivia Bingo
Activity
Puzzle Library
Sporcle Events
Private Events
Virtual Trivia
Globe League
Become a Host
Pub Owners
SporcleCon
Opinionation
Our Games
Videos
Blog
Mobile Apps
Partnerships
Remove Ads and Go Orange
Feedback
Sports
Athletes
MLB
NBA
NHL
NFL
Soccer
Sports Teams
WWE
NCAA
Football
Premier League
Basketball
Baseball
Hockey
Golf
Tennis
Cricket
Rugby
Auto Racing
Olympics
World Cup
Sports
Athletes
MLB
NBA
NHL
NFL
Soccer
Sports Teams
WWE
NCAA
Football
Premier League
Basketball
Baseball
Hockey
Golf
Tennis
Cricket
Rugby
Auto Racing
Olympics
World Cup
Random Quiz
Search Sporcle
×
Quiz Lab
Quiz Lab
Sports
NFL
Type in answers that appear in a list
Type in answers that appear in a list
Classic
Best Score? Go Orange.
Projected NFL starting QBS Stats
Can you name the Projected NFL starting QBS?
By
floydeep
4m
32 Questions
52 Plays
52 Plays
52 Plays
Comments
Comments
Give Quiz Kudos
Give Quiz Kudos
-
- Ratings
hide this ad
Replay
Link that replays current quiz
Next Quiz
Link to next quiz in quiz playlist
You Got
0%
They Got
Avg Score
80%
Avg Friend Score
Upgrade to see
Score Distribution
Jump to the score distribution portion of the page
Score
0/32
Timer
04:00
0
Plays Today
Team
Player
% Correct
Atlanta Falcons
Matt Ryan
96.2%
Baltimore Ravens
Joe Flacco
96.2%
Carolina Panthers
Cam Newton
96.2%
Arizona Cardinals
Carson Palmer
92.3%
Cincinnati Bengals
Andy Dalton
92.3%
New England Patriots
Tom Brady
92.3%
Dallas Cowboys
Dak Prescott
90.4%
Green Bay Packers
Aaron Rodgers
90.4%
New Orleans Saints
Drew Brees
90.4%
Indianapolis Colts
Andrew Luck
88.5%
Detroit Lions
Matthew Stafford
86.5%
New York Giants
Eli Manning
86.5%
Jacksonville Jaguars
Blake Bortles
84.6%
Los Angeles Chargers
Philip Rivers
84.6%
Pittsburgh Steelers
Ben Roethlisberger
84.6%
Seattle Seahawks
Russell Wilson
84.6%
Team
Player
% Correct
Kansas City Chiefs
Alex Smith
82.7%
Buffalo Bills
Tyrod Taylor
80.8%
Miami Dolphins
Jay Cutler
80.8%
Oakland Raiders
Derek Carr
80.8%
Tampa Bay Buccaneers
Jameis Winston
80.8%
Washington Redskins
Kirk Cousins
80.8%
Minnesota Vikings
Sam Bradford
78.8%
Los Angeles Rams
Jared Goff
76.9%
Tennessee Titans
Marcus Mariota
76.9%
Denver Broncos
Trevor Siemian
73.1%
Philadelphia Eagles
Carson Wentz
73.1%
Chicago Bears
Mike Glennon
63.5%
Houston Texans
Tom Savage
57.7%
New York Jets
Josh McCown
53.8%
San Francisco 49ers
Brian Hoyer
48.1%
Cleveland Browns
Cody Kessler
38.5%
Quiz Playlist
Details
Report
Send in Message
Add To Playlist
Classic:
Type in answers that appear in a list
Last Updated: Aug 23, 2017
Quiz Scoreboard
CHALLENGE
Sign Up to Join the Scoreboard
Show All
Scores
Hide
Comments
May contain spoilers
Recently Published
Movies - When Are They Set?
by FPL_Elf
Movies
5m
Popular People in 1961
by mucciniale
History
6m
1-10 Letter E Words III
by El_Dandy
Language
2m
More to Explore
Quiz From the Vault
Featured Blog Post
Where Did the Easter Bunny Come From?
hide this ad
You Might Also Like...
Tags
NFL Quiz
Today's Top Quizzes in Sports
Browse Sports
hide this ad
Today's Top Quizzes in NFL
Browse NFL
Top Contributed Quizzes in Sports
1
Les meilleurs buteurs des matchs entre le PSG et l’OM
2
2022 World Cup Stars
3
FIFA Club World Cup Champions
4
Les entraîneurs de l'OM et du PSG au 21e siècle
5
Name the Premier League winners with different clubs
6
La finale Lions - Afrique du Sud 2021
7
Criteria MLB: Left Handed Sluggers
8
Les joueurs passés par le LOSC et le RC Lens
9
Players with Multiple 50 Home Run Seasons
10
MLB Players with Two .350 Batting Average Seasons
Explore More
Trending Topics
Marvel
Disney
Kpop
NBA
Anime
Harry Potter
Crossword
WWE
Puzzle
Pokémon
Song
Country
NFL
Soccer
The Office
hide this ad
More By:
floydeep
Quiz
Plays
Rating
Category
Featured
Created
Stating NBA Small Forwads 2013
359
2.00
Sports
Nov 10, 2013
Projected Starting WRs 2016
199
1.00
Sports
Aug 18, 2016
Expected Starting NFL Reciever Tandems 2013
152
1.00
Sports
Aug 13, 2013
Projected starting QB's 2016
147
1.00
Sports
Aug 18, 2016
Expected Starting NFL RB's 2013
138
1.00
Sports
Aug 13, 2013
Go to Creator's Profile
Score Distribution
Quiz Creator Spotlight
floydeep
Follow
Send a Message
Quizzes Created
-
Created Quiz Play Count
-
More By This Creator
Popular Quizzes Today
1
Find the Countries of Europe - No Outlines Minefield
2
Find the US States - No Outlines Minefield
3
The Countries of the World
4
Popular People in 1961
5
US States
6
1-10 Letter E Words III
7
Find the US States
8
One Thing in Common: World Cities II
More Sports Quizzes
Bayer Leverkusen's Number 9's
Quiz Lab
Trending Quizzes
Risky Map Clicking: Least Populous States A-Z
1-10 Letter F Words
1-10 Letter G Words
One Thing in Common: United Kingdom
Risky Map Clicking: Next State Alphabetically
Recently Updated
Leaping Animals
pecheneg
Reality TV Shows (A-Z)
bhenderson79
Rickey Henderson's Hall of Fame Teammates
pecheneg
Champions League XIs: Arsenal
pecheneg
Quick Pick: Celebrities in WWE's Hall of Fame
aduchscher
A-Z Keypad Blitz II
pecheneg
Multiple Oscar Actors
pecheneg
Mystery Phrase Blitz: Oscar 'Best Actors'
pecheneg
F. Scott Fitzgerald Novels
LTH
Pick 3 Villains
ddd62291
Trending Topics
Disney
Kpop
Marvel
Harry Potter
Crossword
NBA
Anime
WWE
Soccer
Song
Puzzle
NFL
Country
The Office
Pokémon
Your Account Isn't Verified!
In order to create a playlist on Sporcle, you need to verify the email address you used during registration. Go to your
Sporcle Settings
to finish the process.
Report this User
Report this user for behavior that violates our
Community Guidelines
.
Details:
Send Report
Go to the Sporcle.com Mobile Site →
Comments